Countries With The Most Total COVID-19 Cases By Continent - Statistics

General Stats
  • This quiz has been taken 1,128 times
  • The average score is 33 of 42
Answer Stats
Cases Country % Correct
24,796,408 United Kingdom
97%
109,239,843 United States
97%
11,796,923 Australia
95%
40,138,560 France
95%
23,158,908 Russia
95%
38,572,355 Germany
94%
7,649,199 Mexico
94%
4,786,258 Canada
93%
45,001,268 India
93%
26,230,177 Italy
93%
2,491,809 New Zealand
93%
13,914,811 Spain
93%
37,994,356 Brazil
91%
516,023 Egypt
91%
33,803,572 Japan
91%
4,076,463 South Africa
90%
10,080,046 Argentina
89%
5,305,892 Chile
85%
6,384,009 Colombia
85%
4,519,976 Peru
84%
34,571,873 South Korea
83%
69,117 Fiji
81%
1,115,150 Cuba
80%
1,277,342 Morocco
79%
1,049,089 Panama
76%
46,864 Papua New Guinea
76%
1,209,431 Bolivia
75%
1,278,964 Guatemala
75%
1,069,139 Ecuador
74%
7,622,127 Iran
71%
17,232,066 Turkey
70%
1,238,883 Costa Rica
69%
24,575 Solomon Islands
68%
16,846 Tonga
67%
501,060 Ethiopia
65%
11,624,114 Vietnam
64%
26,547 Micronesia
62%
8,619,835 Netherlands
60%
507,274 Libya
57%
1,153,361 Tunisia
57%
10,241,523 Taiwan
48%
349,287 Zambia
23%
No matching quizzes found
Score Distribution
Percent of People with Each Score
Percentile by Number Answered
Your Score History
You have not taken this quiz